000 00393pab a2200157 454500
008 180718b2010 xxu||||| |||| 00| 0 eng d
100 _aGrint, Keith
245 _aThe sacred in leadership: separation, sacrifice and silence
260 _c2010
300 _ap.89-107.
650 _aOrganizations
650 _aLeadership
773 _aOrganization Studies
908 _aN
909 _a85778
999 _c85778
_d85778